000 00588nam a22001817a 4500
999 _c185665
_d185665
005 20220208094623.0
010 _aENG-131450
020 _a9789178245355
_c795.00
035 _aEN-114982
037 _bDBAD
082 _a355.424
100 _aTrautmann, Thomas R.
245 _aElephants and Kings:
_bAn Environmental History/
_cThomas R. Trautmann
260 _aRanikhet
_bPermanent Black
_c2015
270 _aHimalayana Mall Road, Ranikhet Cantt
_bRanikhet
_e263645
_mperblack@gmail.com
300 _axiii, 374p.
_bIndex
_c22cm(pbk)
942 _2ddc
_cEN
_h355.424
_mTRA